| 000 | 00471nam a2200193Ia 4500 | ||
|---|---|---|---|
| 003 | 0100 | ||
| 008 | 130303s9999 xx 000 0 und d | ||
| 040 | _cARRUPELIB | ||
| 050 | _aPA4413.O7C3 | ||
| 100 | _aCameron, Alister | ||
| 245 | 4 | _aThe identity of oedipus the king | |
| 245 | _bfive essays on the Oedipus Tyrannus | ||
| 260 | _aNew York | ||
| 260 | _bNew York University Press | ||
| 260 | _C1968 | ||
| 300 | _a165p. | ||
| 300 | _b 22cm | ||
| 942 |
_2lcc _02 |
||
| 999 |
_c64748 _d64748 |
||